<?xml version="1.0" encoding="UTF-8"?>
<record
    xmlns:xsi="http://www.w3.org/2001/XMLSchema-instance"
    xsi:schemaLocation="http://www.loc.gov/MARC21/slim http://www.loc.gov/standards/marcxml/schema/MARC21slim.xsd"
    xmlns="http://www.loc.gov/MARC21/slim">

  <leader>01121nam a22002535i 4500</leader>
  <controlfield tag="001">164860</controlfield>
  <controlfield tag="003">ES-MaACL</controlfield>
  <controlfield tag="005">20251015063146.0</controlfield>
  <controlfield tag="008">990625s1841    fr       f   |||| | fre d</controlfield>
  <datafield tag="040" ind1=" " ind2=" ">
    <subfield code="a">CCPB | B </subfield>
    <subfield code="b">spa </subfield>
    <subfield code="c">CCPB | B</subfield>
  </datafield>
  <datafield tag="100" ind1="1" ind2=" ">
    <subfield code="a">Say, Jean Baptiste, </subfield>
    <subfield code="d">1767-1832</subfield>
    <subfield code="9">132518</subfield>
  </datafield>
  <datafield tag="245" ind1="1" ind2="0">
    <subfield code="a">Trait&#xE9; d'&#xE9;conomie politique, ou Simple exposition de la mani&#xE8;re dont se forment, se distribuent, et se consomment les richesses / </subfield>
    <subfield code="c">par Jean-Batiste Say.</subfield>
  </datafield>
  <datafield tag="250" ind1=" " ind2=" ">
    <subfield code="a">Sixi&#xE8;me &#xE9;d. enti&#xE8;remeny revue par l&#xB4;auteur et publi&#xE9;e ... </subfield>
    <subfield code="b">par Horace Say.</subfield>
  </datafield>
  <datafield tag="260" ind1=" " ind2=" ">
    <subfield code="a">Paris : </subfield>
    <subfield code="b">Guillaumin, libraire, </subfield>
    <subfield code="c">1841 (</subfield>
    <subfield code="e">Senlis : </subfield>
    <subfield code="f">imprimerie de Madame Fessart)</subfield>
  </datafield>
  <datafield tag="300" ind1=" " ind2=" ">
    <subfield code="a">VII, 640 p. ; </subfield>
    <subfield code="c">25 cm.</subfield>
  </datafield>
  <datafield tag="490" ind1="1" ind2=" ">
    <subfield code="a">Collection  des principaux &#xE8;conomistes ; </subfield>
    <subfield code="v">9</subfield>
  </datafield>
  <datafield tag="597" ind1=" " ind2=" ">
    <subfield code="a">Antep.</subfield>
  </datafield>
  <datafield tag="650" ind1="0" ind2="7">
    <subfield code="a">Econom&#xED;a</subfield>
    <subfield code="2">embne</subfield>
    <subfield code="9">12006</subfield>
  </datafield>
  <datafield tag="700" ind1="0" ind2=" ">
    <subfield code="a">Say, Horace.</subfield>
    <subfield code="9">132517</subfield>
  </datafield>
  <datafield tag="740" ind1="0" ind2=" ">
    <subfield code="a">Simple exposition de la mani&#xE8;re dont se forment, se distribuent, et se consomment les richesses.</subfield>
  </datafield>
  <datafield tag="830" ind1="0" ind2=" ">
    <subfield code="a">Collection  des principaux &#xE8;conomistes ; </subfield>
    <subfield code="v">9</subfield>
    <subfield code="9">188371</subfield>
  </datafield>
  <datafield tag="852" ind1=" " ind2=" ">
    <subfield code="a">ES-MaACL</subfield>
    <subfield code="j">F-4950 </subfield>
    <subfield code="z">-- Enc. hol.</subfield>
  </datafield>
  <datafield tag="999" ind1=" " ind2=" ">
    <subfield code="c">164860</subfield>
    <subfield code="d">164860</subfield>
  </datafield>
  <datafield tag="952" ind1=" " ind2=" ">
    <subfield code="0">0</subfield>
    <subfield code="1">0</subfield>
    <subfield code="4">0</subfield>
    <subfield code="7">0</subfield>
    <subfield code="8">LIBXIX</subfield>
    <subfield code="a">ATENEOM</subfield>
    <subfield code="b">ATENEOM</subfield>
    <subfield code="c">DEPO2</subfield>
    <subfield code="d">2008-01-17</subfield>
    <subfield code="e">SSC</subfield>
    <subfield code="l">0</subfield>
    <subfield code="o">F-4950</subfield>
    <subfield code="p">1172821</subfield>
    <subfield code="r">2023-02-23 00:00:00</subfield>
    <subfield code="w">2023-02-23</subfield>
    <subfield code="y">MONANT</subfield>
  </datafield>
</record>
